000 00438ntaaa2200181 4500
003 01
005 20251027203201.0
008 0714s1973 ag 01
040 _aAR-BaBN
_bspa
_cAR-BaBN
_eaacr
_dRIC
082 _a227.1 K47r
100 _aKertelge, Karl
_94422
245 _aCarta a los Romanos
250 _a1 ed.
260 _aBarcelona :
_bHerder,
_c1973
300 _a246 p
650 _aBiblia-Nuevo Testamento-Romanos
942 _cBK
999 _c27315
_d27315